Điều tra tình hình gây hại, khảo sát đặc tính sinh học và thử nghiệm hiệu quả của thuốc đối với nhện đỏ Panonychus citri McGregor (Acari: Tetranychidae) trên cây cam sành ở huyện Trà Ôn (Vĩnh Long) (Luận văn thạc sĩ khoa học nông nghiệp. Chuyên ngành: Bảo vệ thực vật)

Kaydedildi:
Detaylı Bibliyografya
Yazar: Nguyễn, Hoài Bảo
Materyal Türü: Kitap
Dil:Undetermined
Baskı/Yayın Bilgisi: Cần Thơ Đại Học Cần Thơ 2014
Konular:
Etiketler: Etiketle
Etiket eklenmemiş, İlk siz ekleyin!
Thư viện lưu trữ: Trung tâm Học liệu Trường Đại học Cần Thơ
LEADER 01086nam a2200217Ia 4500
001 CTU_197926
008 210402s9999 xx 000 0 und d
082 |a 634.31 
082 |b B108 
088 |a 60620112 
100 |a Nguyễn, Hoài Bảo 
245 0 |a Điều tra tình hình gây hại, khảo sát đặc tính sinh học và thử nghiệm hiệu quả của thuốc đối với nhện đỏ Panonychus citri McGregor (Acari: Tetranychidae) trên cây cam sành ở huyện Trà Ôn (Vĩnh Long) 
245 0 |b (Luận văn thạc sĩ khoa học nông nghiệp. Chuyên ngành: Bảo vệ thực vật) 
245 0 |c Nguyễn Hoài Bảo ; Nguyễn Văn Huỳnh (Người hướng dẫn khoa học) 
260 |a Cần Thơ 
260 |b Đại Học Cần Thơ 
260 |c 2014 
650 |a Cây có múi,Citrus 
650 |x Bệnh và côn trùng có hại,Diseases and pests 
910 |a Nguyễn Lê Phương Thảo 
980 |a Trung tâm Học liệu Trường Đại học Cần Thơ